000 00863nam a2200253Ia 4500
003 OSt
005 20220918170937.0
006 a|||||r|||| 00| 0
007 ta
008 220917b |||||||| |||| 00| 0 eng d
020 _a9780844750149 (pbk)
_cUKP 13.95
024 _a349,321
037 _bKS/2018-2019/079, 15/01/2019, Kadmiel Solutions
_cTextual
040 _aARTS
_cARTS
_beng
041 _2eng
_aeng
082 _aV58:1941.P, Q8
100 _aSchmitt Gary J. Ed.
_932459
245 0 _aRise of the revisionists
_b Russia,China and Iran
260 _aWashington
_bAEI press
_c2018
300 _av,112p.
_ccm.
650 _aCHINA - HISTORY; RUSSIA - FOREIGN RELATIONS; RUSSIA - HISTORY
_932460
942 _hV58:1941.P, Q8
_cTEXL
_2CC
999 _c136805
_d136805